Central Library OPAC University of Rajshahi

বাংলা উপন্যাসের কালান্তর / (Record no. 54467)

MARC details
000 -LEADER
fixed length control field 00981nam a2200229 a 4500
001 - CONTROL NUMBER
control field 54467
003 - CONTROL NUMBER IDENTIFIER
rucl marc code BD-RjUL
005 - DATE AND TIME OF LATEST TRANSACTION
control field 20211209080127.0
008 - FIXED-LENGTH DATA ELEMENTS--GENERAL INFORMATION
fixed length control field 161107s1961 ii ||||| |||| 001 f ben d
035 ## - SYSTEM CONTROL NUMBER
System control number (BD-RjUL)54589
040 ## - CATALOGING SOURCE
Original cataloging agency BD-RjUL
Language of cataloging ben
Transcribing agency BD-RjUL
041 ## - LANGUAGE CODE
Language code of text/sound track or separate title ben
082 ## - DEWEY DECIMAL CLASSIFICATION NUMBER
Edition number 23
Classification number 891.44309
Author mark and year BAB 1961
100 ## - MAIN ENTRY--PERSONAL NAME
Personal name বন্দ্যোপাধ্যায়, সারাজ
9 (RLIN) 162513
245 10 - TITLE STATEMENT
Title বাংলা উপন্যাসের কালান্তর /
Statement of responsibility, etc. সারাজ বন্দ্যোপাধ্যায়
260 ## - PUBLICATION, DISTRIBUTION, ETC. (IMPRINT)
Place of publication, distribution, etc. কলিকাতা :
Name of publisher, distributor, etc. নতুন সাহিত্য ভবন,
Date of publication, distribution, etc. ১৯৬১ [১৩৬৮]
300 ## - PHYSICAL DESCRIPTION
Pagination ৩৮২ পৃ. ;
Size ২৩ সেমি.
500 ## - GENERAL NOTE
General note নির্ঘণ্ট সংযুক্ত
650 ## - SUBJECT ADDED ENTRY--TOPICAL TERM
Topical term or geographic name as entry element বাংলা উপন্যাস
General subdivision ইতিহাস ও সমালোচনা
9 (RLIN) 120092
Topical term or geographic name as entry element Bengali Fiction
General subdivision History and Criticism
9 (RLIN) 118845
942 ## - ADDED ENTRY ELEMENTS (KOHA)
Source of classification or shelving scheme Dewey Decimal Classification
Koha item type Books
Holdings
Lost status Source of classification or shelving scheme Damaged status Not for loan Collection code Permanent Location Current Location Shelving location Date acquired Source of acquisition Cost, normal purchase price Total Checkouts Full call number Date last seen Date checked out Copy number Koha item type
  Dewey Decimal Classification     Fiction Central Library, University of Rajshahi Central Library, University of Rajshahi   08/02/1965 Ideal Library, Dhaka 10.12 6 B 891.44309 BAB 1961 21/03/2024 18/03/2024 C-2 Books